000 00401nam a2200157Ia 4500
008 230917s9999||||xx |||||||||||||| ||und||
040 _e136400
_aMAIN
041 _aEnglish
082 _a658-4 P214U
100 _aPareek, Udai
245 0 _aUnderstanding of organizational behaviour
250 _a2nd ed.
260 _aNew Delhi
_bOxford University Press
_c2008
300 _a784 p.
942 _cBK
999 _c139000
_d139000